000 00767nam a2200265Ia 4500
003 OSt
005 20220918221729.0
006 a|||||r|||| 00| 0
007 ta
008 220917b |||||||| |||| 00| 0 eng d
024 _a202,581
037 _cTextual
040 _aARTS
_cARTS
_beng
041 _2eng
_aeng
082 _aSN1:7, P0
100 _aHayness Stephen N.
_9141282
245 0 _aPrinciples and practice of behavioral assessment
260 _aNewYork
_bKluwer academic
_c2000
300 _axviii, 348 p
_ccm.
490 _aApplied clinical psychology
650 _aPSYCHOLOGY
700 _a O'Brien William Hayes
_9141283
942 _hSN1:7, P0
_cTEXL
_2CC
999 _c273450
_d273450